000 00367nam a2200145 4500
008 191022s2010||||xo d
100 1 _aNicholsonová Helen
_91387
245 1 0 _aDivadlo a vzdelávanie
250 _a1.vydanie
260 _bDivadelný ústav
_aBratislava
_c2010
300 _a79s.
020 _a978808936940
_c12,35
041 1 _aslo
044 _axo
_cSK
999 _c22747
_d22747